header

Fundamentals of pervasive information management systems (Record no. 37882)

MARC details
000 -LEADER
fixed length control field 01837nam a2200337 a 4500
082 04 - DEWEY DECIMAL CLASSIFICATION NUMBER
Classification number 658.4/038011
100 1# - MAIN ENTRY--AUTHOR NAME
Personal name Kumar, Vijay,
245 10 - TITLE STATEMENT
Title Fundamentals of pervasive information management systems
260 ## - PUBLICATION, DISTRIBUTION, ETC. (IMPRINT)
Place of publication Hoboken, N.J. :
Name of publisher John Wiley and Sons, Inc.,
Year of publication 2013.
300 ## - PHYSICAL DESCRIPTION
Number of Pages xvii, 371 p. :
Other physical details ill. (some col.)
520 ## - SUMMARY, ETC.
Summary, etc "Covering both mobile data and sensor data, this comprehensive text offers updated research on sensor technology, stream data processing, mobile database security, and contextual processing. Packed with exercises and examples, the book covers essential aspects of wireless communication and provides a thorough discussion about managing information on mobile database systems. In addition, the author addresses the integration of web and workflow with mobile computing and looks at the current state of research"--
650 #0 - SUBJECT ADDED ENTRY--TOPICAL TERM
Topical Term Management information systems.
Topical Term Mobile communication systems.
Topical Term Mobile computing.
856 40 - ELECTRONIC LOCATION AND ACCESS
Uniform Resource Identifier http://site.ebrary.com/lib/rucke/Doc?id=10728374
520 ## - SUMMARY, ETC.
-- Provided by publisher.

No items available.

© 2026 Rongo University
Contact us: librarian | system librarian | Rongo university